Southville International School and Colleges
Your cart is empty.
  • Cart
  • Lists
    Public lists Eva Luna New books Lux_list list_1
    Your lists Log in to create your own lists
  • Log in to your account
  • Your cookies
  • Search history
Southville International School and Colleges
  • Advanced search
  • Recent comments
  • Most popular
  • Libraries

Log in to your account

Log in with GOOGLE


If you do not have an external account, but do have a local account, you can still log in:

  1. Home
  2. MARC view: Nutrition education :
Normal view MARC view ISBD view

Nutrition education : (Record no. 16173)

[ view plain ]
MARC details
000 -LEADER
fixed length control field 00532nam a22001817a 4500
003 - CONTROL NUMBER IDENTIFIER
control field ILib
005 - DATE AND TIME OF LATEST TRANSACTION
control field 20260122104244.0
008 - FIXED-LENGTH DATA ELEMENTS--GENERAL INFORMATION
fixed length control field 130219t xxu||||| |||| 00| 0 eng d
020 ## - INTERNATIONAL STANDARD BOOK NUMBER
International Standard Book Number 9789713013118
050 ## - LIBRARY OF CONGRESS CALL NUMBER
Classification number TX 551
Item number .R934 2010
100 ## - MAIN ENTRY--PERSONAL NAME
Personal name Ruiz, Adela J.
245 ## - TITLE STATEMENT
Title Nutrition education :
Remainder of title principles, approaches and strategies /
Statement of responsibility, etc Adela J. Ruiz
260 ## - PUBLICATION, DISTRIBUTION, ETC. (IMPRINT)
Name of publisher, distributor, etc Manila, Philipines :
Place of publication, distribution, etc Merriam and Webster Bookstore,
Date of publication, distribution, etc 2010
300 ## - PHYSICAL DESCRIPTION
Extent 399 p. :
Dimensions 25.3 cm.
650 ## - SUBJECT ADDED ENTRY--TOPICAL TERM
Topical term or geographic name as entry element Nutrition
942 ## - ADDED ENTRY ELEMENTS (KOHA)
Source of classification or shelving scheme Library of Congress Classification
Koha item type Books
Call number prefix Local
Holdings
Withdrawn status Lost status Source of classification or shelving scheme Damaged status Home library Current library Shelving location Date acquired Total Checkouts Full call number Barcode Date last seen Copy number Price effective from Koha item type
    Library of Congress Classification   College Library College Library General Circulation Section 02/19/2013   TX 551 .R934 2010 C15420 05/15/2018 1 02/19/2013 Books

Nutrition education :

APA

Ruiz A. J., . (2010). Nutrition education. Merriam and Webster Bookstore: Manila, Philipines.

Chicago

Ruiz Adela J, . 2010. Nutrition education. Merriam and Webster Bookstore: Manila, Philipines.

Harvard

Ruiz A. J., . (2010). Nutrition education. Merriam and Webster Bookstore: Manila, Philipines.

MLA

Ruiz Adela J, . Nutrition education. Merriam and Webster Bookstore: Manila, Philipines. 2010.

  • Place hold
  • Print
  • Cite
  • Add to your cart (remove)
  • Save record
    BIBTEX Dublin Core MARCXML MARC (non-Unicode/MARC-8) MARC (Unicode/UTF-8) MARC (Unicode/UTF-8, Standard) MODS (XML) RIS
  • More searches
    Search for this title in:
    Other Libraries (WorldCat) Other Databases (Google Scholar) Online Stores (Bookfinder.com) Open Library (openlibrary.org)

Exporting to Dublin Core...

SOUTHVILLE LIBRARY

Southville International School and Colleges Library

1281 Tropical Ave. Cor. Luxembourg St., BF Homes International, Las Pinas City

Tel. No. 8256374 / 252358 Loc. 117/146

Powered by Koha